एक ही तो है आखर / (Record no. 119491)

MARC details
000 -LEADER
fixed length control field 01124nam a22002777a 4500
003 - CONTROL NUMBER IDENTIFIER
control field dpl
005 - DATE AND TIME OF LATEST TRANSACTION
control field 20190206120805.0
008 - FIXED-LENGTH DATA ELEMENTS--GENERAL INFORMATION
fixed length control field 190206b ||||| |||| 00| 0 eng d
010 ## - LIBRARY OF CONGRESS CONTROL NUMBER
LC control number B-114150
020 ## - INTERNATIONAL STANDARD BOOK NUMBER
Terms of availability 70.00
International Standard Book Number 812630984
035 ## - SYSTEM CONTROL NUMBER
System control number B-114150, B-114172
037 ## - SOURCE OF ACQUISITION
Source of stock number/acquisition Cen Lib/Ret
040 ## - CATALOGING SOURCE
Original cataloging agency DPL
Language of cataloging HN
Transcribing agency 0
082 ## - DEWEY DECIMAL CLASSIFICATION NUMBER
Classification number 821
Item number शरद
100 ## - MAIN ENTRY--PERSONAL NAME
Personal name शरद रंजन शरद
9 (RLIN) 217
245 ## - TITLE STATEMENT
Title एक ही तो है आखर /
Statement of responsibility, etc शरद रंजन शरद
246 ## - VARYING FORM OF TITLE
Title proper/short title Ek hi to hai akhar /
Remainder of title by Sharad Ranjan Sharad
260 ## - PUBLICATION, DISTRIBUTION, ETC. (IMPRINT)
Place of publication, distribution, etc नयी दिल्ली
Name of publisher, distributor, etc भारतीय ज्ञानपीठ
Date of publication, distribution, etc 2004
270 ## - ADDRESS
City नयी दिल्ली
Address 18, इन्सटीतुशंल एरिया, लोदी रोड
Postal code 110003
300 ## - PHYSICAL DESCRIPTION
Extent 104पृ.
Dimensions 20सेमी(सजिल्द )
650 ## - SUBJECT ADDED ENTRY--TOPICAL TERM
Topical term or geographic name as entry element साहित्य--कवितायेँ
General subdivision
Geographic subdivision
9 (RLIN) 85222
650 ## - SUBJECT ADDED ENTRY--TOPICAL TERM
Topical term or geographic name as entry element हिंदी--कवितायेँ
9 (RLIN) 2082
650 ## - SUBJECT ADDED ENTRY--TOPICAL TERM
Topical term or geographic name as entry element Literature--Poetry
9 (RLIN) 85223
650 ## - SUBJECT ADDED ENTRY--TOPICAL TERM
Topical term or geographic name as entry element Hindi--Poetry
9 (RLIN) 85224
942 ## - ADDED ENTRY ELEMENTS (KOHA)
Source of classification or shelving scheme Dewey Decimal Classification
Koha item type Hindi Books
Classification part 821
Call number suffix शरद
Holdings
Withdrawn status Lost status Damaged status Not for loan Home library Current library Date acquired Source of acquisition Cost, normal purchase price Total Checkouts Full call number Barcode Date last seen Date checked out Copy number Cost, replacement price Price effective from Koha item type Source of classification or shelving scheme Collection code
        Central Library Central Library 17/09/2015 Cen Lib/Ref 70.00 2 821 शरद B-114150 25/10/2023 16/10/2023 1 70.00 17/09/2015 Hindi Books    
        Shahdara Branch Shahdara Branch 06/02/2019 BPPD/PUB 70.00   821 शरद B-114172 06/02/2019     70.00 06/02/2019 Hindi Books Dewey Decimal Classification Non-fiction

© Delhi Public Library
Hit Counter
free hit counter